| 000 | 00740nam a22002537a 4500 | ||
|---|---|---|---|
| 003 | OSt | ||
| 005 | 20140310181926.0 | ||
| 008 | 130720t xxu||||| |||| 00| 0 eng d | ||
| 020 | _a0153300884 | ||
| 050 |
_aPE 1119 _b.H257 1989 |
||
| 082 |
_aTRE 372.4 _bH21c 1989 |
||
| 110 |
_aHarcourt Brace Jovanovich _92391 |
||
| 245 |
_aCelebrations. Level 8 / _cHarcourt Brace Jovanovich |
||
| 260 |
_aOrlando: _bHarcourt Brace Jovanovich, Inc. Publischers, _cc1989. |
||
| 300 |
_a126 p. _bcol. : ill. ; _c28 cm. |
||
| 521 | _aFaculty | ||
| 541 | _j1 | ||
| 541 | _j2 | ||
| 541 | _j3 | ||
| 541 | _j4 | ||
| 562 | _e4 | ||
| 650 |
_aReading comprehension _xProblems, exercises, etc. _92392 |
||
| 942 |
_2lcc _cBK-TR _kTRE |
||
| 999 |
_c7188 _d7188 |
||